| 000 | 00512nam a22001697a 4500 | ||
|---|---|---|---|
| 999 |
_c8503 _d8503 |
||
| 008 | 201126b ||||| |||| 00| 0 eng d | ||
| 040 | _aBMS College of Architecture | ||
| 100 | _aJ P, Nikhil | ||
| 245 | _aCommunity driven recycling centre | ||
| 300 | _a28p. | ||
| 500 | _a1BM13AT085 | ||
| 502 |
_8B,Arch _NBMS College of Architecture, Visvesvaraya Technological University (VTU) _aProject report _d2018 |
||
| 650 | _aNA | ||
| 700 |
_aAdithya Kiran T _eGuide |
||
| 700 |
_aPrathima N _eGuide |
||
| 942 |
_2ddc _cTHE |
||